|
|
|
|
| LEADER |
00000nab a2200000 ar4500 |
| 001 |
vtls009082403 |
| 003 |
SK-MaSNL |
| 005 |
20260303065736.0 |
| 008 |
070724c2007 xo mr|p|||||||000 b|slo |
| 015 |
|
|
|a SNBRB2007/07
|2 snkbucl
|
| 038 |
|
|
|a SNKBUCL
|
| 040 |
|
|
|a SNKBUCL
|b slo
|c SNKBUCL
|e AACR2
|
| 041 |
0 |
|
|a slo
|
| 044 |
|
|
|a xo
|c SK
|
| 080 |
|
|
|a 78.071.2:784.66
|2 1997
|
| 100 |
1 |
|
|a Artimová, Zuzana
|4 ivr
|9 270661
|
| 245 |
1 |
0 |
|a Nechcem sa deliť s verejnosťou o súkromný priestor
|c Zuzana Artimová
|
| 300 |
|
|
|b Fotogr.
|
| 600 |
1 |
7 |
|a Smatanová, Zuzana,
|d 1984-
|2 snkbucl
|9 99644
|
| 700 |
1 |
|
|a Smatanová, Zuzana,
|d 1984-
|4 ive
|9 99644
|
| 773 |
0 |
|
|t Katolícke noviny
|g Roč. 122, č. 28 (2007), s. 13
|x 0139-8512
|
| 852 |
|
|
|a SNK
|b KIS3GCP
|
| 958 |
|
|
|a BX
|
| 999 |
|
|
|c 1752480
|d 1754410
|